LEADER 01211nam a2200289 u 4500 001 000000116159 003 CaOOAMICUS 005 20090612113641.0 008 090612s2009 it u000 u ita r 020 $z978-88-7016-754-2* 040 $aPUL$bita$dLDB 100 1 $aMcCann, J. Clinton.$0(OLS)http://pul/name/72127 240 10$aJudges.$lItaliano.$0(OLS)http://pul/title/145972 245 10$aGiudici /$cJ. Clinton McCann ; edizione italiana a cura di Corrado Ferri. 260 $aTorino :$bClaudiana,$c2009. 300 $a189 p. ;$c24 cm 490 1 $aStudi storici. Saggi 504 $aBibliografia: p. 171-176. 630 04$aBiblia.$pV.T.$pIudicum$xCommenti.$0(OLS)http://pul/subject/15304 700 1 $aFerri, Corrado.$0(OLS)http://pul/name/72128 830 0$aStrumenti (Claudiana).$pCommentari ;$v46.$0(OLS)http://pul/title/133061 850 $aPUL 852 $aPUL$W1$xSL Religione 3$y85$m222. 3 MCCLI 1$j133097$qDDC 21$B132116$CPULBib$Z2$F132116 $H110789 $82 941 1 $a9 996 $6020$z978-88-7016-754-2*$9(OLS)http://pul/number/141097 996 $6245$aGiudici$9(OLS)http://pul/title/145971 996 $6260$aTorino :$bClaudiana$9(OLS)http://pul/publisher/48072 LEADER 01471nam a2200325 a 4500 001 000000139302 003 CaOOAMICUS 005 20140721105531.0 008 140721s2012 it u000 u ita r 020 $a88-14-17341-9 040 $aPUL$bita 082 04$a340.09 245 00$aAlessandro Giuliani: l'esperienza giuridica fra logica ed etica /$ca cura di Francesco Cerrone e Giorgio Repetto. 260 $aMilano :$bA. Giuffrè,$c2012. 300 $aVI, 847 p. ;$c23 cm 490 1 $aPer la storia del pensiero giuridico moderno. Biblioteca ;$v95 500 $aRelazioni presentate al Convegno tenuto a Perugia 2010. 504 $aBibliografia in nota. 600 14$aGiuliani, Alessandro.$0(OLS)http://pul/subject/40651 700 1 $aCerrone, Francesco.$0(OLS)http://pul/name/89836 700 1 $aRepetto, Giorgio.$0(OLS)http://pul/name/89837 830 0$aPer la storia del pensiero giuridico moderno ;$v95.$0(OLS)http://pul/title/10657 850 $aPUL 852 $aPUL$W1$xSL Diritto e Scienze Sociali 3$y79$m340. 09 COLL 1.95$j160903$qDDC 21$B160338$CPULBib$Z2$F160338 $H124425 $82 941 1 $a9 996 $6020$a88-14-17341-9$9(OLS)http://pul/number/155761 996 $6082$a340.09$9(OLS)http://pul/classification/1829 996 $6245$aAlessandro Giuliani: l'esperienza giuridica fra logica ed etica$9(OLS)http://pul/title/176350 996 $6260$aMilano :$bA. Giuffrè$9(OLS)http://pul/publisher/48096